| 000 | 00720nam a2200217Ii 4500 | ||
|---|---|---|---|
| 003 | JO-AjNU | ||
| 008 | 230605s9999||||xx |||||||||||||| ||und|| | ||
| 017 | _a2003/8/1736 | ||
| 040 |
_aJO-AjNU _bara _erda _cJO-AjNU |
||
| 041 | _aara | ||
| 050 | 1 | 4 | _aPJ6051 2003 |
| 100 | 3 |
_aتاليف الأصولي، أصيل الصيف, _eauthor _935898 |
|
| 245 | 0 | 0 | _aعلم الاصول متعة الى المجازات المنسية |
| 250 | _aط1 | ||
| 264 | 3 | 1 | _aعمان: دار الكتاب، 2003 |
| 300 | _a248ص | ||
| 336 |
_atext _btxt _2rdacontent |
||
| 337 |
_aunmediated _bn _2rdamedia |
||
| 338 |
_avolume _bnc _2rdacarrier |
||
| 650 | 4 |
_aعلم الاصول-اللغة العربية- اللسانيات _935899 |
|
| 999 |
_aA14864 _c18432 _d18432 |
||